| 000 | 00875cam a2200229 a 4500 | ||
|---|---|---|---|
| 001 | 000015814 | ||
| 005 | 20200929164149.0 | ||
| 008 | 020228s2001 cu ac b f000 0 spa d | ||
| 020 | _a9597137135 | ||
| 035 | _a(OCoLC)ocm49217449 | ||
| 040 |
_aDO-SdBNP _bspa _cBNPHU _dDLC |
||
| 082 |
_a027.57291 _bF363a |
||
| 100 | 1 |
_aFernéndez Robaina, Tomás, _d1941- _935588 |
|
| 245 | 1 | 0 |
_aApuntes para la historia de la Biblioteca Nacional José Martí de Cuba / _cTomás Fernández Robaina ; edición Marta Beatriz Armenteros. |
| 260 |
_a[La Habana] : _bBiblioteca Nacional José Martí ; _bHomenaje, _c2001. |
||
| 300 |
_a138, [4] p. : _bil. ; _c22 cm. |
||
| 504 | _aIncluye bibliografía: (p. 128-[139]). | ||
| 650 | 4 |
_aBibliotecas nacionales _zCuba _xHistoria _935589 |
|
| 700 | 1 |
_aArmenteros, Marta Beatriz, _eed. _935590 |
|
| 910 | _aCatalogación por copia / LC | ||
| 049 | _aBNGR | ||
| 999 |
_c15359 _d15359 |
||